000 00751nam a22002537a 4500
005 20170123162318.0
010 _aA-096831
020 _c15.00
035 _aA-096831
037 _bCen Lib/Ret
040 _aDPL
_bUR
082 _a841
_bرا ز
100 _aراز لاءلپوری
_9841
245 _aآئنہه راز /
_cراز لاءلپوری
246 _aAinah-e-Raj /
_bby Raj Layalpuri
260 _a دہلی
_bسینٹرل مجلس ادب
_c1981
270 _b دہلی
_e110006
300 _a144p.
_c21cm(Hb)
650 _a ادب - اردو
_9115806
650 _a اردوشاعری
_9115807
650 _aLiterature -- Urdu
_9115808
650 _aUrdu poetry
_9115809
942 _2ddc
_cUR
_h841
_mرا ز
999 _c106875
_d106875